| 000 | 00355nam a22001337a 4500 | ||
|---|---|---|---|
| 020 | _a0-00-712988-2 | ||
| 082 |
_a823 _bDAL/F |
||
| 100 | _aANNIE DALTON | ||
| 245 |
_aANGELS UNLIMITED _bFIGHTING FIT _cTROUBLE SHOOTING TROUBLE MAKING ANGEL |
||
| 260 |
_aGREAT BRITAIN _bCOLLINS _c2003 |
||
| 300 | _a183 | ||
| 650 |
_aMEL GETS THE GLADIATOR GROOVE _zROME |
||
| 942 | _cBK | ||
| 999 |
_c3 _d3 |
||